Statistics for Famous Movie Scenes #1

Click here to take the quiz!

General Stats

  • This quiz has been taken 47,876 times
    (47,809 since last reset)
  • The average score is 13 of 20

Answer Stats

Scene Movie % Correct
A bike flies across the face of the moonE.T. The Extraterrestrial
90%
A fish turns around and sees a smiling great white sharkFinding Nemo
86%
Man leans backward to dodge bullets in slow-moThe Matrix
86%
A man wakes up with a horse's head in his bedThe Godfather
84%
A man stands on the rails of a boat with his hands spread and declares himself kingTitanic
83%
The curtains of a shower open and a woman is stabbedPsycho
83%
A creature comes out of the chest of a crew memberAlien
79%
To his relief, a man wakes up on the 3rd of FebruaryGroundhog Day
73%
Psychopath breaks the door with an axe and quotes late-night TVThe Shining
72%
Soldiers lift up their kilts and show their backsides to the enemyBraveheart
66%
Two friends drive into the Grand CanyonThelma and Louise
62%
Gangster tastes a burger and quotes the Bible before killing someonePulp Fiction
62%
Man is presented with his wife's head in a boxSe7en
55%
Man uses a pistol to easily kill a skilled swordsmanRaiders of the Lost Ark
55%
A guy who always has a smile on his face claps sarcastically in a prisonThe Dark Knight
45%
Man drops his bags and hugs another man at the beach as the camera zooms outThe Shawshank
Redemption
43%
A disheveled scientist is shot by Libyan terrorists for stealing plutoniumBack to the Future
42%
A gangster with a short temper questions why he makes others laughGoodfellas
40%
A former soldier talks to the mirror and tries to act out a confrontationTaxi Driver
39%
A crazy man cuts off a policeman's ear while listening to musicReservoir Dogs
32%

Score Distribution

Percentile by Number Answered

Percent of People with Each Score

Your Score History

You have not taken this quiz since the last reset